| 000 | 00596nam a2200133 i 4500 | ||
|---|---|---|---|
| 001 | 184900 | ||
| 003 | ES-MaACL | ||
| 005 | 20230906222313.0 | ||
| 008 | 160217s1886 sp |||| | spa d | ||
| 245 | 0 | 3 |
_aEl Indicador de nuevas bases de regimen social ó el pueblo feliz (en teoria) _b: obra escrita para la practica / _cpor un amante de la Civilizacion y felicidad humanas [J. David Pérez M.]. |
| 260 |
_aMadrid : _b[s.n.], _c1886 ( _fImp. de Ramon Moreno y Ricardo Rojas) |
||
| 300 |
_a299 p. ; _c21 cm. |
||
| 852 |
_aES-MaACL _jG-12525 _z.- Dedicatoria autógrafa del autor "J. David Pérez M." |
||
| 999 |
_c184900 _d184900 |
||